000 00496nam a2200181Ia 4500
005 20250923144412.0
008 008 250917s9999 xx 000 0 eng d
037 _aTextual
040 _aDSWL
_beng
_cDSWL
041 _aeng
_2eng
084 _aS:9, H4.1
_qDSWL
100 _aHepner, H.W
_9824533
245 0 _aPsychology applied to life and work,vol.1
_cby H.W Hepner
260 _c1944
300 _a365 p.
942 _cTEXL
_hS:9, H4.1
999 _c1438419
_d1438419